| 000 | nam a22 7a 4500 | ||
|---|---|---|---|
| 999 |
_c126341 _d126341 |
||
| 008 | 170322b xxu||||| |||| 00| 0 eng d | ||
| 050 | _aBD175.N147 | ||
| 100 |
_aNagel, Jennifer _929556 |
||
| 245 |
_aKnowledge _cJennifer Nagel |
||
| 260 |
_aNew York _bOxford university _c2014 |
||
| 300 |
_a133p. ; _c18cm. |
||
| 440 |
_aA very short introduction _919891 |
||
| 650 |
_aKnowledge, theory of _929557 |
||
| 942 |
_2lcc _cMONOGRAPH |
||